000 00559nam a22001817a 4500
003 BD-DhJNU
005 20250813035818.0
008 250813b |||||||| |||| 00| 0 eng d
040 _aBD-DhJNU
_bENG
_cBD-DhJNU
_dBD-DhJNU
082 _223
_a973 PAU
100 _aParkes, Henry Bamford
245 _aThe United States of America :
_ba history /
_cHenry Bamford Parkes
260 _aNew York :
_bAlfred A. Knopf,
_c1953.
300 _axviii, xxiv, 773p, :
_bill. ;
_c25 cm.
504 _aIncludes index
650 _aUnited States
_xHistory
942 _2ddc
_cBK
_n0
999 _c1995
_d1995